00435nam a22001337a 4500008004100000040005500041080002300096100001500119245005200134260007000186300001000256490002100266650001400287230602b |||||||| |||| 00| 0 eng d aNational Science LibrarycNational Science Library a616-001.11/.12bK91 aFryer, D I aSubatmospheric decompression: bSickness in man bThe Advisory Group for Aerospace Research and Development, c1969 a343p. aAGAR dograph 125 aMonograph